Dejiny slovenskej literatúry. V, Literatúra v rokoch 1918-1945 /

Uložené v:
Podrobná bibliografia
Hlavní autori: Čepan, Oskár, 1925-1992 (Author), Kasáč, Zdenko, 1924-2017 (Author), Noge, Július, 1931-1993 (Author), Rampák, Zoltán, 1920-1998 (Author), Šmatlák, Stanislav, 1925-2008 (Author), Tomčík, Miloš, 1922-2009 (Author), Rosenbaum, Karol, 1920-2001 (Author), Kopál, Ján, 1925-2000 (Author), Kusý, Ivan, 1921-2000 (Author), Matuška, Alexander, 1910-1975 (Author)
Médium: Kniha
Jazyk:Slovak
Vydané: Bratislava : Veda, 1984.
Vydanie:Vydanie prvé
Fyzický popis: 851 strán : portréty.
Tagy: Pridať tag
Žiadne tagy, Buďte prvý kto otaguje tento záznam!

MARC

LEADER 00000cam a22000007a 4500
001 000212921
005 20260401124250.0
008 951005s1984 xo e slo d
FMT
020 |c Kčs 102,00  |q (viazané) 
040 |a SVKKK  |b slo  |c SVKKK  |e AACR2 
041 0 |a slo 
044 |a xo  |c SK 
100 1 |a Čepan, Oskár,  |d 1925-1992  |4 aut 
245 1 0 |a Dejiny slovenskej literatúry.  |n V,  |p Literatúra v rokoch 1918-1945 /  |c Oskar Čepan, Zdenko Kasáč, Ján Kopál, Ivan Kusý, Alexander Matuška, Július Noge, Zoltán Rampák, Karol Rosenbaum, Stanislav Šmatlák, Miloš Tomčík, vedecký redaktor Karol Rosenbaum. 
246 3 0 |a Literatúra v rokoch 1918-1945 
246 3 0 |a Dejiny slovenskej literatúry 5 
250 |a Vydanie prvé 
264 1 |a Bratislava :  |b Veda,  |c 1984. 
300 |a 851 strán :  |b portréty. 
336 |a text  |b txt  |2 rdacontent 
337 |a bez média  |b n  |2 rdamedia 
338 |a zväzok  |b nc  |2 rdacarrier 
366 |e 5000 kusov 
504 |a Menný register 
504 |a Vecný register 
700 1 |a Kasáč, Zdenko,  |d 1924-2017  |4 aut 
700 1 |a Noge, Július,  |d 1931-1993  |4 aut 
700 1 |a Rampák, Zoltán,  |d 1920-1998  |4 aut 
700 1 |a Šmatlák, Stanislav,  |d 1925-2008  |4 aut 
700 1 |a Tomčík, Miloš,  |d 1922-2009  |4 aut 
700 1 |a Rosenbaum, Karol,  |d 1920-2001  |4 aut  |4 red 
700 1 |a Kopál, Ján,  |d 1925-2000  |4 aut 
700 1 |a Kusý, Ivan,  |d 1921-2000  |4 aut 
700 1 |a Matuška, Alexander,  |d 1910-1975  |4 aut 
910 |a svkkk 
998 |a BK 
OWN
Z30 1 |l SCK01  |l SCK01  |m BOOK  |1 SCKHL  |2 DEP  |b Sklad  |3 IV.126454  |6 702498  |q 19851022  |5 2720048941  |8 20060125  |g EMPTYKNIHA  |e  0000  |f 70  |s Absenčne  |h SCKRT  |t 20250806  |u 1046  |w 000212921  |x 000090  |r 005 
Z30 1 |l SCK01  |l SCK01  |m BOOK  |1 SCKHL  |2 SK14  |b Sklad Pribinova prízemie  |3 IV.126451  |6 702495  |q 19851022  |5 2720108308  |8 20060125  |g EMPTYKNIHA  |e  0000  |f 70  |s Absenčne  |h SCKRT  |t 20130529  |u 1401  |w 000212921  |x 000060  |r 003 
Z30 1 |l SCK01  |l SCK01  |m BOOK  |1 SCKHL  |2 SK14  |b Sklad Pribinova prízemie  |3 IV.126452  |6 702496  |q 19851022  |5 2720143077  |8 20060125  |g EMPTYKNIHA  |e  0000  |f 70  |s Absenčne  |h SCKRT  |t 20110617  |u 0911  |w 000212921  |x 000070  |r 002 
Z30 1 |l SCK01  |l SCK01  |m BOOK  |1 SCKHL  |2 SK14  |b Sklad Pribinova prízemie  |3 IV.126453  |6 702497  |q 19851022  |5 2720212960  |8 20060125  |g EMPTYKNIHA  |e  0000  |f 70  |s Absenčne  |h SCKRT  |t 20110603  |u 1712  |w 000212921  |x 000080  |r 001 
Z30 1 |l SCK01  |l SCK01  |m BOOK  |1 SCKHL  |2 SK14  |b Sklad Pribinova prízemie  |3 IV.126455  |6 702499  |q 19851022  |5 2720015977  |8 20060125  |g EMPTYKNIHA  |e  0000  |f 70  |s Absenčne  |h SCKRT  |t 20220610  |u 1017  |w 000212921  |x 000100  |r 001 
Z30 1 |l SCK01  |l SCK01  |m BOOK  |1 SCKHL  |2 SK14  |b Sklad Pribinova prízemie  |3 IV.127168  |6 708223  |q 19850603  |5 2720220038  |8 20060125  |g EMPTYKNIHA  |e  0000  |f 70  |s Absenčne  |h SCKRT  |t 20240806  |u 1041  |w 000212921  |x 000020  |r 008 
Z30 1 |l SCK01  |l SCK01  |m BOOK  |1 SCKHL  |2 SK14  |b Sklad Pribinova prízemie  |3 IV.127169  |6 708224  |q 19850604  |5 2720458023  |8 20060125  |g EMPTYKNIHA  |e  0000  |f 70  |s Absenčne  |h SCKRT  |t 00000000  |u 0000  |w 000212921  |x 000030  |r 000 
Z30 1 |l SCK01  |l SCK01  |m BOOK  |1 SCKHL  |2 SK14  |b Sklad Pribinova prízemie  |3 IV.127170  |6 708225  |q 19850604  |5 2720471205  |8 20060125  |g EMPTYKNIHA  |e  0000  |f 70  |s Absenčne  |h SCKRT  |t 20170726  |u 1734  |w 000212921  |x 000040  |r 001 
Z30 1 |l SCK01  |l SCK01  |m BOOK  |1 SCKHL  |2 SK14  |b Sklad Pribinova prízemie  |3 IV.127171  |6 708226  |q 19850604  |5 2720138195  |8 20060125  |g EMPTYKNIHA  |e  0000  |f 70  |s Absenčne  |h SCKRT  |t 00000000  |u 0000  |w 000212921  |x 000050  |r 000 
Z30 1 |l SCK01  |l SCK01  |m BOOK  |1 SCKHL  |2 SK14  |b Sklad Pribinova prízemie  |3 IV.128127  |6 702893  |q 19850624  |5 2720207820  |8 20060125  |g EMPTYKNIHA  |e  0000  |f 70  |s Absenčne  |h SCKRT  |t 20241008  |u 0701  |w 000212921  |x 000010  |r 015 
090 |g SCKHL  |k Sklad  |a IV.126454  |j 702498  |i 2720048941  |s Absenčne  |r 005 
090 |g SCKHL  |k Sklad Pribinova prízemie  |a IV.126451  |j 702495  |i 2720108308  |s Absenčne  |r 003 
090 |g SCKHL  |k Sklad Pribinova prízemie  |a IV.126452  |j 702496  |i 2720143077  |s Absenčne  |r 002 
090 |g SCKHL  |k Sklad Pribinova prízemie  |a IV.126453  |j 702497  |i 2720212960  |s Absenčne  |r 001 
090 |g SCKHL  |k Sklad Pribinova prízemie  |a IV.126455  |j 702499  |i 2720015977  |s Absenčne  |r 001 
090 |g SCKHL  |k Sklad Pribinova prízemie  |a IV.127168  |j 708223  |i 2720220038  |s Absenčne  |r 008 
090 |g SCKHL  |k Sklad Pribinova prízemie  |a IV.127169  |j 708224  |i 2720458023  |s Absenčne  |r 000 
090 |g SCKHL  |k Sklad Pribinova prízemie  |a IV.127170  |j 708225  |i 2720471205  |s Absenčne  |r 001 
090 |g SCKHL  |k Sklad Pribinova prízemie  |a IV.127171  |j 708226  |i 2720138195  |s Absenčne  |r 000 
090 |g SCKHL  |k Sklad Pribinova prízemie  |a IV.128127  |j 702893  |i 2720207820  |s Absenčne  |r 015